Statistics for Top 50 NHL Hockey Players Of All Time

Click here to take the quiz!

General Stats

  • This quiz has been taken 86 times
  • The average score is 21 of 50

Answer Stats

Rank + PositionPlayer% Correct
3 + FMario Lemieux
85%
4 + FGordie Howe
84%
1 + FWayne Gretzky
84%
2 + DBobby Orr
81%
27 + GPatrick Roy
76%
11 + FBobby Hull
71%
18 + FJaromir Jagr
71%
46 + FBrett Hull
69%
13 + FMark Messier
69%
17 + GMartin Brodeur
67%
5 + FMaurice Richard
64%
10 + GDominik Hasek
63%
21 + FPhil Esposito
60%
15 + FGuy Lafleur
59%
30 + FSteve Yzerman
56%
33 + FJoe Sakic
55%
20 + DPaul Coffey
53%
14 + DRay Bourque
52%
8 + FMike Bossy
49%
45 + FHenri Richard
47%
24 + FMarcel Dionne
47%
37 + FJari Kurri
45%
7 + FJean Béliveau
45%
35 + GKen Dryden
44%
29 + FBryan Trottier
43%
49 + FPeter Forsberg
43%
9 + DNicklas Lidstrom
41%
38 + FBobby Clarke
40%
23 + GJacques Plante
37%
32 + DLarry Robinson
37%
31 + FRon Francis
37%
19 + FStan Mikita
37%
39 + DChris Chelios
33%
26 + DDenis Potvin
33%
12 + GTerry Sawchuk
28%
6 + DDoug Harvey
25%
48 + GEd Belfour
24%
22 + DEddie Shore
23%
42 + FPeter Stastny
23%
40 + FGilbert Perreault
21%
28 + FTed Lindsay
19%
25 + GGlenn Hall
17%
16 + FHowie Morenz
16%
41 + FFrank Mahovlich
13%
47 + DRed Kelly
12%
36 + DPierre Pilote
11%
50 + FJoe Malone
9%
34 + FMilt Schmidt
9%
43 + GBill Durnan
3%
44 + FCharlie Conacher
3%

Score Distribution

Percentile by Number Answered

Percent of People with Each Score

Your Score History

You have not taken this quiz